000 00587nam a2200181Ia 4500
005 20140610083137.0
008 140529s9999 xx 000 0 und d
020 _a9789814384100
050 _aQA 276
_b.Sch314 2012
100 _aScheaffer, Richard L.
245 _aProbability and statistics for engineering students /
_cRichard L. Scheaffer, Madhuri S. MuleKar, James T. McClave
260 _aSingapore :
_bCengage Learning Asia Pte Ltd.,
_cc2012.
300 _a864 p. :
_bill. ;
_c23 cm.
500 _aIncludes index.
521 _aGE
942 _kFOR
_cBK
_2lcc
999 _c117748
_d117748